03706cam a22003615a 4500999001700000001000900017005001700026008004100043010001700084020001800101020001500119035002400134040030200158043001200460082002100472100003200493245006800525250001200593260006000605300002100665504006900686505045700755520176201212541002302974600003902997650002903036650004103065651005703106653002003163700003003183942000803213952012303221 c27506d274772058972620190601110448.0180719t2018 nyu frb 001 0deng d a 2018404338 a9780062802187 a0062802186 a(OCoLC)on1029739025 aFMGbengcFMGdFMGdOCLCQdQQ3dJASdGK6dUOKdOBEdFM0dIUKdBURdOBEdVP@dCN5O4dBDXdLIVdNDSdD9MdTCHdTULdOCLCFdIACdOSUdYDXdMYLdTMEdCHVBKdOCLCOdCPCBTdKG7dOCLCQdSMUdKZSdOCLCQdTXMALdOCLCAdBV1dY#4dVLWdSISMUdYS@dMQPdETCdM@SdM4LdFIEdTXHLCdYT6dICVdTKNdDLCdEG-ScBUE an-us---04a320.533bALB2221 aAlbright, Madeleine Korbel.10aFascism :ba warning /cMadeleine Albright, with Bill Woodward. a1st ed. aNew York :bHarper / HarperCollins Publishers,cc.2018. a288 p. ;c24 cm. aIncludes bibliographical references (pages [259]-270) and index.0 aA doctrine of anger and fear -- The greatest show on earth -- "We want to be barbarians" -- "Close your hearts to pity" -- Victory of the Caesars -- The fall -- Dictatorship of democracy -- "There are a lot of bodies up there" -- A difficult art -- President for life -- Erdo�gan the Magnificent -- Man from the KGB -- "We are who we were" -- "The leader will always be with us" -- President of the United States -- Bad dreams -- The right questions. aA Fascist, observes Madeleine Albright, 'is someone who claims to speak for a whole nation or group, is utterly unconcerned with the rights of others, and is willing to use violence and whatever other means are necessary to achieve the goals he or she might have.' The twentieth century was defined by the clash between democracy and Fascism, a struggle that created uncertainty about the survival of human freedom and left millions of innocent people dead. Given the horrors of that experience, one might expect the world to reject the spiritual successors to Hitler and Mussolini should they arise in our era. Albright draws on her experiences as a child in war-torn Europe and her distinguished career as a diplomat to question that very assumption. Fascism, Albright shows, not only endured through the course of the twentieth century, but now presents a more virulent threat to peace and justice than at any time since the end of World War II. The momentum toward democracy that swept the world when the Berlin Wall fell has gone into reverse. The United States, which has historically championed the free world, is led by a president who exacerbates popular divisions and heaps scorn on democratic institutions. In many countries, economic, technological, and cultural factors are weakening the political center and empowering the extremes of right and left. Contemporary leaders such as Vladimir Putin and Kim Jong-un are employing many of the same tactics used by Fascists in the 1920s and 30s. Written with wisdom by someone who has not only studied history but helped to shape it, this call to arms teaches us the lessons we must understand and the questions we must answer if we are to save ourselves from repeating the tragic errors of the past. aMr. Farid Khamis ;17aAlbright, Madeleine Korbel.2BUEsh 7aFascismxHistory.2BUEsh 7aWorld politicsy20th century.2BUEsh 7aUnited StatesxPolitics and governmenty2017-2BUEsh bBUSBOLcMay20191 aWoodward, William,d1951- 2ddc 00102ddc40708Donation-GaMAINbMAINc1STd2019-06-01eDonationl0o320.533 ALBp000047901r2025-07-15 00:00:00yBB